1114 1231 1233 1647 1461 1070 1483 1158 1616 1240 1214 1563 1302 1070 1356 1766 1861 1838 1561 1705 1963 1993 1967 1509 1712 1211 1107 1705 1177 1793 1022 1003 1556 1977 1326 1139 1456 1733 1281 1005 1992 1921 1992 1509 1400 1703 1860 1305 1548 1532 1964 1162 1803 1843 1137 1077 1065 1227 1624 1226 1037 1446 1636 1312 1033 1057 1517 1417 1114 1403 1107 1380 1480 1230 1344 1127 1385 1279 1325 1204 1437 1356 1481 1272 1032 1847 1157 1313 1835 1741 2000 1561 1442 1404 1432 1126 1870 1823 1255 BCNSPRNW ULIB Ver.6.0+V

เปลี่ยนเป็นภาษาไทย

Change to English
 แสดงรายละเอียดบรรณานุกรม
  กลับหน้าหลัก

Brief Record : Get Marc (ISO 2709) : E-mail record : QR code < ปิดหน้าต่าง
LEADER : 00000nam 2200000uu 4500
001    13399108662
003     ULIB
008    110311s2549||||th 000 0 tha d
020    9748512606
060 04 QW160^bช576C 2549
245 00 Communication skillsคุยกันเรื่องมะเร็งปากมดลูกและการป้องกันด้วยวัคซีนเอชพีวี /^cบรรณาธิการ, ชิษณุ พันธุ์เจริญ ... [และคนอื่นๆ]
246 30 คุยกันเรื่องมะเร็งปากมดลูกและการป้องกันด้วยวัคซีนเอชพีวี
250    พิมพ์ครั้งที่ 1
260    กรุงเทพฯ :^bสมาคมกุมารแพทย์แห่งประเทศไทย,^c2549
300    128 หน้า :^bภาพประกอบ ;^c21 ซม.
650  7 การสื่อสารทางการแพทย์
650  7 วัคซีนเอชพีวี
650  7 ปากมดลูก^xมะเร็ง^xการป้องกันและควบคุม
650  7 คอมดลูก, เนื้องอก^xการป้องกันและควบคุม
700 0  ชิษณุ พันธุ์เจริญ,^eบรรณาธิการ
710 2  สมาคมกุมารแพทย์แห่งประเทศไทย
945    ^p120^l0^i18022
945    ^p120^l0^i14990
945    ^p120^l0^i24876
995    เกษร
999    ^aใช้งานได้ทุกระบบ
รายการนี้ยังไม่มีแท็ก
คุณยังไม่ได้ล็อกอิน คุณสามารถมีกิจกรรมร่วมกับเว็บไซต์ได้ แต่ต้องล็อกอินก่อน ::
  ล็อกอิน

รายการสื่อสารสนเทศ

ลำดับที่ ประเภท เลขเรียก/บาร์โค้ด สถานที่ สถานะ
1. วิทยาศาสตร์การแพทย์ และสุขภาพ
วิทยาศาสตร์การแพทย์ และสุขภาพ
QW160 ช576C 2549 ฉ.1 
  Barcode: 24876
ห้องสมุดวิทยาเขตสวรรค์ประชารักษ์
►ส่วนจัดเก็บหนังสือเก่า สปร
บนชั้น
  ขอยืม
2. วิทยาศาสตร์การแพทย์ และสุขภาพ
วิทยาศาสตร์การแพทย์ และสุขภาพ
QW160 ช576C 2549 ฉ.2 
  Barcode: 14990
ห้องสมุดวิทยาเขตสวรรค์ประชารักษ์
►หนังสือทั่วไป
บนชั้น

รายการใกล้เคียง
    หัวเรื่อง [การสื่อสารทางการแพทย์]

BibComment


ยังไม่เคยถูกคอมเมนท์

คอมเมนท์ทรัพยากรรายการนี้
  คอมเมนท์: Communication ski..


 Copyright 2026. Bcnsprnw @Library